|
|
|
|
| LEADER |
01610nam a2200421Ia 4500 |
| 001 |
EBC180495 |
| 003 |
MiAaPQ |
| 005 |
20200520144314.0 |
| 006 |
m o d | |
| 007 |
cr cn||||||||| |
| 008 |
000414s2000 enka sb 001 0 eng d |
| 010 |
|
|
|z 00036773
|
| 020 |
|
|
|z 0203470737
|
| 020 |
|
|
|z 0415241715
|
| 035 |
|
|
|a (MiAaPQ)EBC180495
|
| 035 |
|
|
|a (Au-PeEL)EBL180495
|
| 035 |
|
|
|a (CaPaEBR)ebr10053770
|
| 035 |
|
|
|a (CaONFJC)MIL6957
|
| 035 |
|
|
|a (OCoLC)560000956
|
| 040 |
|
|
|a MiAaPQ
|c MiAaPQ
|d MiAaPQ
|
| 050 |
|
4 |
|a HF1418.5
|b .G58174 2000
|
| 082 |
0 |
4 |
|a 303.44
|2 21
|
| 245 |
0 |
0 |
|a Globalization and social change
|h [electronic resource] /
|c edited by Johannes Dragsbaek Schmidt and Jacques Hersh.
|
| 260 |
|
|
|a London ;
|a New York :
|b Routledge,
|c 2000.
|
| 300 |
|
|
|a xv, 303 p. :
|b ill.
|
| 490 |
1 |
|
|a Routledge advances in international political economy ;
|v 6
|
| 500 |
|
|
|a Simultaneously published in the USA and Canada.
|
| 504 |
|
|
|a Includes bibliographical references (p. [283]-294) and index.
|
| 533 |
|
|
|a Electronic reproduction. Ann Arbor, MI : ProQuest, 2015. Available via World Wide Web. Access may be limited to ProQuest affiliated libraries.
|
| 650 |
|
0 |
|a International economic integration.
|
| 650 |
|
0 |
|a Globalization.
|
| 650 |
|
0 |
|a Social change.
|
| 655 |
|
4 |
|a Electronic books.
|
| 700 |
1 |
|
|a Schmidt, Johannes Dragsbaek,
|d 1960-
|
| 700 |
1 |
|
|a Hersh, Jacques.
|
| 710 |
2 |
|
|a ProQuest (Firm)
|
| 830 |
|
0 |
|a Routledge advances in international political economy ;
|v 6.
|
| 856 |
4 |
0 |
|u https://ebookcentral.proquest.com/lib/matrademy/detail.action?docID=180495
|z Click to View
|